000 00205nam a2200085Ia 4500
008 230915s9999 xx 000 0 und d
050 _aSB 111 .T7 W 43
245 0 _aAGRICULTURE IN THE TROPICS
942 _cBK
999 _c201680
_d201680